Who Played Them In Harry Potter? Quiz Stats

Quiz not verified by Sporcle

Challenge
Share
Tweet
Embed
Score 0/11 Timer 11:00
0 Plays Today
% Correct
Fiona Shaw
75%
Helena Bonham-Carter
75%
Bonnie Wright
75%
Tom Felton
75%
Mathew Lewis
50%
James and Oliver Phelps
50%
Jason Issacs
25%
Sean Biggerstaf
25%
Clemence Posey
0%
Richard Harris and Micheal Gambon
0%
Evonna Lynch
0%

You're not logged in!

Compare scores with friends on all Sporcle quizzes.
Sign Up with Email
OR
Log In

You Might Also Like...

Show Comments

Extras

Top Quizzes Today


Score Distribution

Your Account Isn't Verified!

In order to create a playlist on Sporcle, you need to verify the email address you used during registration. Go to your Sporcle Settings to finish the process.

Report this User

Report this user for behavior that violates our Community Guidelines.

Details: